00462nam a2200169 a 4500008004100000020001500041050001700056100001800073245006600091246001800157260003300175300002100208350000900229650001300238650002200251700001900273101029s2004 ||||||||||||||||| || u a1861974744 aHD 30.28 Fri aZehle, Stefan10aGuide to business planningcby Graham Friend and Stefan Zehle aThe economist aLondon:bThe Economistc2004 a[ii], 281p.: ill a0.00 0aBUSINESS 0aBUSINESS PLANNING aFriend, Graham